书目信息 |
| 题名: |
20世纪的书
|
|
| 作者: | 麦格拉斯 编 ;朱孟勋 译 | |
| 分册: | ||
| 出版信息: | 北京 生活·读书·新知三联书店 2001 |
|
| 页数: | 809页 | |
| 开本: | 26cm | |
| 丛书名: | ||
| 单 册: | ||
| 中图分类: | G236 | |
| 科图分类: | ||
| 主题词: | 书评--美国--选集 | |
| 电子资源: | ||
| ISBN: | 7-108-01552-8 | |
| 000 | 00958nam0 2200241 45 | |
| 001 | 0311112359 | |
| 005 | 20031219104121.3 | |
| 010 | @a7-108-01552-8@dCNY68.00 | |
| 100 | @a20031111d2001 km y0chiy0120 ea | |
| 101 | 0 | @achi@ceng |
| 105 | @a z 001yy | |
| 200 | 1 | @a20世纪的书@A20 Shi Ji De Shu@e百年来的作家、观念及文学@e《纽约时报书评》精选@EBai Nian Lai De Zuo Jia、Guan Nian Ji Wen Xue@E《Niu Yue Shi BaoShu Ping》Jing Xuan@f(美)查尔斯·麦格拉斯编@F(Mei)Cha Er Si·Mai Ge La Si Bian@g朱孟勋等译 |
| 210 | @a北京@c生活·读书·新知三联书店@d2001 | |
| 215 | @a809页@d26cm | |
| 320 | @a书末附索引. | |
| 517 | @a百年来的作家、观念及文学@ABai Nian Lai De Zuo Jia、Guan Nian Ji Wen Xue | |
| 517 | @a《纽约时报书评》精选@A《Niu Yue Shi Bao Shu Ping》Jing Xuan | |
| 606 | 0 | @a书评@y美国@x选集 |
| 690 | @aG236@v4 | |
| 701 | 0 | @a麦格拉斯@4编 |
| 702 | 0 | @a朱孟勋@AZhu Meng Xun@4译 |
| 801 | @aCN@bTSTC@c20031111 | |
| 905 | @a213230@b327928-930@dG236@e31@f3 | |
| 20世纪的书:百年来的作家、观念及文学:《纽约时报书评》精选/(美)查尔斯·麦格拉斯编/朱孟勋等译.-北京:生活·读书·新知三联书店,2001 |
| 809页;26cm |
| ISBN 7-108-01552-8:CNY68.00 |
| ● |
| 相关链接 |
|
|
|
|
正题名:20世纪的书
索取号:G236/31
 
预约/预借
| 序号 | 登录号 | 条形码 | 馆藏地/架位号 | 状态 | 备注 |
| 1 | 0327928 | 203279282 | 密集书库/ [索取号:G236/31] | 在馆 | |
| 2 | 0327929 | 203279291 | 密集书库/ [索取号:G236/31] | 在馆 | |
| 3 | 0327930 | 203279308 | 第一样本阅览室/ [索取号:G236/31] | 在馆 |